Ruský jazyk podklady na prijímacie testy pre uchádzačov o štúdium

Guardado en:
Detalles Bibliográficos
Autor principal: Jakubeková, Viera
Otros Autores: Strelková, Katarína, Šebestová, Valentína Petrovna
Formato: Libro
Lenguaje:eslovaco
ruso
Publicado: Bratislava Vydavateľstvo Ekonóm 1998
Edición:2. vyd.
Materias:
Etiquetas: Agregar Etiqueta
Sin Etiquetas, Sea el primero en etiquetar este registro!

MARC

LEADER 00000nam a2200000 4500
001 c100280
005 20221123133431.7
020 |a 80-225-0944-2 
041 0 |a slo 
041 0 |a rus 
044 |a SK 
245 1 0 |a Ruský jazyk  |b podklady na prijímacie testy pre uchádzačov o štúdium  |c Viera Jakubeková, Katarína Strelková, Valentína Šebestová 
250 |a 2. vyd. 
264 1 |a Bratislava  |b Vydavateľstvo Ekonóm  |c 1998 
300 |a 50 s. 
610 2 0 |a školy vysoké 
610 2 0 |a univerzity 
610 2 0 |a skúšky prijímacie 
610 2 0 |a jazykoveda 
610 2 0 |a testy 
100 1 |a Jakubeková, Viera 
700 1 |a Strelková, Katarína 
700 1 |a Šebestová, Valentína Petrovna